Složenie a život ľudského tela

Podrobná bibliografia
Hlavný autor: Malinovskij, Aleksandr Aleksandrovič, 1873-1928 (Autor)
Ďalší autori: Habáňová, Tatiana (prekladateľka) (Prekladateľ), Weisskopf, Viliam, 1906-1964 (Autor obálky)
Médium: Kniha
Jazyk:slovenčina
ruština
Fyzický popis:48, [4] s. ilustrácie 21 cm
Vydavateľské údaje: Bratislava Tatran 1949
ISBN:(brožované)
Vydanie:Vydanie 1.
Edícia:Malá náučná knižnica
Predmet:

MARC

LEADER 00000cam a2200000 a 4500
001 vtls008384185
003 SK-MaSNL
005 20260301093913.0
008 230403s1949 xo a 000 0 slo
015 |a SNBA19451955-007079 
020 |a (brožované) 
035 |a SK01SNKBKSFS20020076402 
035 |a urn:nbn:sk:snk-am3hwca 
035 |a 45F9ADBE-5C91-4035-B594-C2EC7B8B48E0 
035 |a urn:nbn:sk:snk-am00dbba 
035 |a SKM000078865 
040 |a SNK  |b slo  |c SNK  |e AACR2 
041 1 |a slo  |h rus 
044 |a xo  |c SK 
080 |a 611/612  |2 1981 
100 1 |a Malinovskij, Aleksandr Aleksandrovič,  |d 1873-1928  |4 aut  |9 199246 
245 1 0 |a Složenie a život ľudského tela  |c A.A. Malinovskij ; [z rus. orig.] (prel. Taťána Habáňová) 
250 |a Vydanie 1. 
260 |a Bratislava  |b Tatran  |c 1949  |e Turčiansky Sv. Martin  |f Neografia 
300 |a 48, [4] s.  |b ilustrácie  |c 21 cm 
366 |e 20.000 kusov 
490 1 |a Malá náučná knižnica  |v sv. 15 
650 0 7 |a anatómia človeka  |2 SNKPH  |9 711 
650 0 7 |a fyziológia človeka  |2 SNKPH  |9 1098 
655 7 |a populárno-náučné publikácie  |2 SNKPH  |9 70460 
700 1 |a Habáňová, Tatiana  |c (prekladateľka)  |4 trl  |9 426923 
700 1 |a Weisskopf, Viliam,  |d 1906-1964  |4 bjd  |9 192184 
830 0 |a Malá náučná knižnica  |9 308631 
852 |a Slovenská národná knižnica 
954 |a odborná, vedecká literatúra cudzojazyčná (svetová)  |2 lita 
958 |a RK 
958 |a TL 
958 |a OP 
958 |a RU 
958 |a OND 
958 |a EUIPO 
999 |c 678570  |d 680500 
952 |a SNK  |b SNK  |y VYP  |7 0  |p 17A1562955  |o snkSC 4075/15 D1  |i snkKSF 3131/57  |8 5  |0 0  |1 0  |4 0  |d 2024-12-20  |l 0  |r 2026-02-23 19:49:07  |w 2026-02-23 
952 |a SNK  |b SNK  |y VYP  |7 0  |p 17A1562954  |o snkSC 4075/15 D2  |i snkF 2314/64  |8 5  |0 0  |1 0  |4 0  |d 2024-12-20  |l 0  |r 2026-02-23 19:49:07  |w 2026-02-23 
952 |a SNK  |b SNK  |y PREZ  |7 0  |p 17A0747814  |o snkSC 4075/15  |i snk2306/49  |0 0  |1 0  |4 0  |d 2018-11-05  |f 1  |l 0  |r 2025-06-25 00:00:00  |w 2026-02-23